书目信息 |
| 题名: |
Visual FoxPro 新起点实用教程
|
|
| 作者: | 康博创作室 编著 | |
| 分册: | ||
| 出版信息: | 北京 机械工业出版社 1999.04 |
|
| 页数: | 319页 | |
| 开本: | 16开 | |
| 丛书名: | ||
| 单 册: | ||
| 中图分类: | TP311.13 | |
| 科图分类: | ||
| 主题词: | 软件 | |
| 电子资源: | ||
| ISBN: | 7-111-07065-8 | |
| 000 | 00603nam0 2200193 45 | |
| 001 | 0009192124 | |
| 005 | 20001012152049.9 | |
| 010 | @a7-111-07065-8@d30.00元 | |
| 100 | @a20000919d1999 km y0chiy0120 ea | |
| 101 | 0 | @achi |
| 105 | @a z 000yy | |
| 200 | 1 | @aVisual FoxPro 新起点实用教程@AVisual FoxPro Xin QiDian Shi Yong Jiao Cheng@f康博创作室编著@FKang Bo Chuang Zuo Shi Bian Zhu |
| 210 | @a北京@c机械工业出版社@d1999.04 | |
| 215 | @a319页@d16开 | |
| 606 | 0 | @a软件 |
| 690 | @aTP311.13@v3 | |
| 701 | 0 | @a康博创作室@4编著 |
| 801 | @aCN@bPftUser@c20000919 | |
| 905 | @dTP311.13@eK:105/2@b176628-630@f3 | |
| Visual FoxPro 新起点实用教程/康博创作室编著.-北京:机械工业出版社,1999.04 |
| 319页;16开 |
| ISBN 7-111-07065-8:30.00元 |
| ● |
| 相关链接 |
|
|
|
正题名:Visual FoxPro新起点实用教程
索取号:TP311.13/K:105/2
 
预约/预借
| 序号 | 登录号 | 条形码 | 馆藏地/架位号 | 状态 | 备注 |
| 1 | 176628 | 201766286 | 期刊室512/301自科库 70排2列5层/ [索取号:TP311.13/K:105/2] | 在馆 | |
| 2 | 176629 | 201766295 | 自科二线504/504自科库 2排2列4层/ [索取号:TP311.13/K:105/2] | 在馆 | |
| 3 | 176630 | 201766302 | 期刊室512/301自科库 70排2列5层/ [索取号:TP311.13/K:105/2] | 在馆 |